| 000 | 02061cam a22005174i 4500 | ||
|---|---|---|---|
| 003 | PE-LiUPU | ||
| 005 | 20250731165615.0 | ||
| 008 | 150706s2012 sp a rb 000 0 spa d | ||
| 020 | _a9788492650439 | ||
| 035 | _a(Sirsi) i9788492650439 | ||
| 040 |
_aPE-LiUPU _bspa _cPE-LiUPU _erda |
||
| 049 | _aPRUA | ||
| 082 | 0 | 4 |
_a003 _bC23 _221 |
| 100 | 1 |
_aCanales Mora, Roberto, _eautor. |
|
| 245 | 1 | 4 |
_aLas reglas no escritas para triunfar en la empresa / _cRoberto Canales Mora. |
| 264 | 1 |
_aMadrid : _bStarBook, _c2012. |
|
| 300 |
_a547 páginas : _bilustraciones ; _c24 cm. |
||
| 336 |
_atext _2rdacontent |
||
| 337 |
_aunmediated _2rdamedia |
||
| 338 |
_avolume _2rdacarrier |
||
| 504 | _aIncluye bibliografía 539-540. | ||
| 505 | 0 | _aLa evolución de un informático -- Psicología del trabajo y sentido común -- La necesidad de metodología y calidad -- Importancia de la eficacia personal -- Vender tecnología -- Inicio de proyectos -- Cómo definir un proyecto -- Entre el análisis y el diseño -- Decisiones tecnológicas -- El equipo de proyecto -- Control y comunicación -- Otras cosas que no se aprenden en la universidad. | |
| 526 | _aSEG44 | ||
| 526 | _aSEG26 | ||
| 526 | _aP151 | ||
| 526 | _aP150 | ||
| 526 | _aP149 | ||
| 526 | _aP146 | ||
| 526 | _aP145 | ||
| 526 | _aP126 | ||
| 526 | _aP125 | ||
| 526 | _aP92 | ||
| 526 | _aP75 | ||
| 526 | _aP74 | ||
| 526 | _aP27 | ||
| 526 | _aP15 | ||
| 541 | _g015-001548; | ||
| 650 | 0 | 4 |
_aIngeniería de sistemas _vManuales. |
| 650 | 0 | 4 |
_aIngenieros de sistemas _vManuales. |
| 910 |
_cbd _d20130603 |
||
| 942 |
_2ddc _cBOOK |
||
| 949 |
_a003 C23 _wDEWEY _c1 _i67385 _lCCODEBUL1 _mBUL _p60.00 _r0 _sY _tBOOK _u2015-7-6 _xINGENIERIA _PP27 _o.STAFF. Colección General |
||
| 994 |
_aC0 _bPEPRU |
||
| 596 | _a1 | ||
| 999 |
_a003 C23 _wDEWEY _c55054 _i67385 _d55054 _f2021-11-4 _g7 _lCCODEBUL1 _mBUL _p60.00 _q1 _r0 _sY _tBOOK _u2015-7-6 _xBIBLIOTECA _PP27 _0COMPRA _o.STAFF. Colección Ingeniería y Arquitectura |
||
| 980 |
_81 _gALBERTO SANCHEZ Responsable de Automatización |
||